| 000 | 00450nam a2200145Ia 4500 | ||
|---|---|---|---|
| 003 | OSt | ||
| 005 | 20260127100839.0 | ||
| 008 | 211028s2017 xx 000 0 und d | ||
| 040 | _cAIMIT LIBRARY | ||
| 041 | _aeng | ||
| 100 |
_aNaveen; Pereira, Divya. _g1516099 _97675 |
||
| 245 | _aStudy on the consumer perception towards private label brands: with reference to big bazaar Hassan / | ||
| 260 |
_aMangalore _bDivya Pereira. _c2017 |
||
| 942 |
_2ddc _cPRO |
||
| 999 |
_c219243 _d219243 |
||